Science Quiz

Random Science or Biology Quiz
Score 0/12 Timer 06:00
1 Play Today
% Correct
Red Fox
94%
Arctic Fox
92.4%
Grey Wolf
88.7%
Domestic Dog
85.7%
Raccoon Dog
84.1%
African Wild Dog
83.7%
Fennec Fox
83.7%
Coyote
60.5%
Maned Wolf
56.5%
Bush Dog
55.8%
Dhole
47.2%
Golden Jackal
46.8%
Remove Ads.
Support Sporcle.
Get the best of Sporcle when you Go Orange. This ad-free experience offers more features, more stats, and more fun while also helping to support Sporcle. Thank you for becoming a member.

You're not logged in!

Compare scores with friends on all Sporcle quizzes.
OR
Log In

Show Comments

Extras

Top Quizzes Today


Score Distribution

Your Account Isn't Verified!

In order to create a playlist on Sporcle, you need to verify the email address you used during registration. Go to your Sporcle Settings to finish the process.

Report this User

Report this user for behavior that violates our Community Guidelines.

Details: